<?xml version="1.0" encoding="UTF-8"?>
<collection xmlns="http://www.loc.gov/MARC21/slim">
 <record>
  <leader>00294nab a2200097 c 4500</leader>
  <controlfield tag="001">bibDOK00024708</controlfield>
  <controlfield tag="005">20200924121903.9</controlfield>
  <controlfield tag="008">060518s1906    hu                  hun  </controlfield>
  <datafield tag="100" ind1="1" ind2=" ">
   <subfield code="a">Bárány Gerő</subfield>
  </datafield>
  <datafield tag="245" ind1="1" ind2="2">
   <subfield code="a">A mindenség egysége.</subfield>
   <subfield code="c">Bárány Gerő</subfield>
  </datafield>
  <datafield tag="773" ind1="0" ind2=" ">
   <subfield code="t">Budapesti Szemle</subfield>
   <subfield code="g">1906. évf. 126. kötet, 380-393.p. p.</subfield>
  </datafield>
 </record>
</collection>
